|
|
|
|
| LEADER |
00000nab a2200000 ar4500 |
| 001 |
vtls008851151 |
| 003 |
SK-MaSNL |
| 005 |
20260304210406.0 |
| 008 |
061002c2006 xo mr|p|||||||000 b|slo |
| 015 |
|
|
|a SNBRB2006/10
|2 snkbucl
|
| 038 |
|
|
|a SNKBUCL
|
| 040 |
|
|
|a SNKBUCL
|b slo
|c SNKBUCL
|e AACR2
|
| 041 |
0 |
|
|a slo
|
| 044 |
|
|
|a xo
|c SK
|
| 080 |
|
|
|a 615.851
|2 1997
|
| 080 |
|
|
|a 616.89-008.441
|2 1997
|
| 080 |
|
|
|a 179.9
|2 1997
|
| 080 |
|
|
|a 159.95
|2 1997
|
| 100 |
1 |
|
|a Žucha, Ivan,
|d 1935-2009
|4 aut
|9 249788
|
| 245 |
1 |
0 |
|a Ľudské veci
|c Ivan Žucha
|
| 650 |
0 |
7 |
|a psychoterapia
|2 SNKPH
|9 2575
|
| 650 |
0 |
7 |
|a psychoterapeutický rozhovor
|2 SNK
|9 1541498
|
| 650 |
0 |
7 |
|a múdrosť
|2 SNKPH
|9 67331
|
| 773 |
0 |
|
|t Knihy a spoločnosť
|g Tretí ročník, č. 5 (2006), s. 11
|x 1336-5584
|
| 852 |
|
|
|a SNK
|b KIS3GCP
|
| 999 |
|
|
|c 3125891
|d 3127821
|